Sports Quiz

Random Sports or Football Quiz

Michigan Football Opponents Quiz Stats

Quiz not verified by Sporcle

Challenge
Share
Tweet
Embed
Score 0/134 Timer 14:00
0 Plays Today
Last Played Team % Correct
2013Ohio State
96.2%
2012Michigan State
94.6%
2007Florida
91.1%
1953Pennsylvania
91.1%
2013Indiana
89.9%
2012Alabama
89.8%
2004Texas
89.6%
2010Wisconsin
88.7%
2006Southern California
88.5%
2013Penn State
88.3%
2012Illinois
88.2%
2013Iowa
87.8%
2013Notre Dame
87%
2013Minnesota
86.8%
2007Oregon
85.8%
1991Florida State
85.5%
1916*Washington University (MO)
85.5%
2002Washington
85.5%
2000UCLA
83.9%
2013Nebraska
83.6%
2008Miami (OH)
82.3%
1988Miami (FL)
82.2%
2012Purdue
82.1%
2013Northwestern
81.7%
2011Western Michigan
81.2%
2011Eastern Michigan
81%
1975Oklahoma
80.6%
1997Washington State
80.6%
1965Georgia
80.2%
1978Arizona
79.6%
1986Oregon State
79.3%
1980California
79.2%
1979North Carolina
78.2%
1942Harvard
78.1%
2013Central Michigan
77.6%
1986Arizona State
77%
1997Colorado
76.7%
1995Virginia
75.8%
1976Stanford
75.6%
1939Yale
75.4%
2001Tennessee
75.1%
1995Texas A&M
74.5%
1979Kansas
73.9%
1992Oklahoma State
73.7%
1998Arkansas
73.3%
Last Played Team % Correct
1962Army
73.1%
2013South Carolina
72.4%
2000Auburn
72.4%
2008Utah
72.4%
1981Navy
72.1%
2012Virginia Tech
71.9%
1908Kentucky
71.2%
1990Mississippi
71.1%
1990Maryland
69.1%
2012Air Force
68.8%
1934Georgia Tech
68.6%
2007Appalachian State
65.4%
1978Duke
65.2%
1999Syracuse
64.3%
1904West Virginia
63.7%
1975Missouri
63.3%
1947Pittsburgh
61.7%
2008Toledo
61.6%
1993North Carolina State
61.5%
1932Princeton
61.3%
1996Boston College
60.8%
2013Akron
60.4%
1984Brigham Young
59.5%
1994Colorado State
58.8%
1997Baylor
58.4%
2013Connecticut
58.4%
2006Vanderbilt
55.4%
2011Mississippi State
54.4%
1939*Chicago
52.7%
1998Hawaii
52.1%
1952Cornell
51.5%
2010Bowling Green
50.6%
2011San Diego State
47.9%
1950Dartmouth
47.3%
2003Houston
47.2%
1988Wake Forest
46.7%
2012Massachusetts
45.4%
1941Columbia
44.7%
2005Northern Illinois
43.7%
1963Southern Methodist
43.5%
2006Ball State
43.3%
2000Rice
41.3%
2014Kansas State
40.7%
1972Tulane
37.9%
1995Memphis
37.8%
Last Played Team % Correct
1901Buffalo
37.8%
2009Delaware State
28.3%
1917*Detroit
26.4%
1912South Dakota
21.1%
1944*Marquette
18.5%
1929*Albion
16%
1891Butler
13.7%
1923**Case
11.4%
1896*Lehigh
10.6%
1894*Adrian
10.6%
1905Drake
10.4%
1917*Kalamazoo
8.2%
1905*Oberlin
7.6%
1903*Ferris State
7.5%
1901**Carlisle Indian School
6.6%
1928*Ohio Wesleyan
5.9%
1944**Iowa Pre-Flight
5.6%
1900*Hillsdale
5.5%
1899**Western Reserve
5.4%
1945**Great Lakes Naval Station
5.4%
1987*Long Beach State
5%
1880*Toronto
4.3%
1894*Olivet
4.1%
1904**P&S Chicago
3.9%
1905*Ohio Northern
3.8%
1923**Quantico Marines
3.8%
1929*Mount Union
3.6%
1914*DePauw
3.6%
1879**Racine
3.2%
1930*Denison
3.2%
1908*Kenyon
2.9%
1903*Beloit
2.7%
1883*Wesleyan
2.5%
1907*Wabash
2.3%
1897*Wittenberg
2.3%
1904**American Medical School
2.3%
1896*Rush Lake Forest
1.9%
1895*Adelbert
1.8%
1895**Michigan Military Academy
1.7%
1916*Marietta
1.5%
1915*Lawrence
1.4%
1943**Camp Grant
1.3%
1916*Carroll
1.2%
1883*Stevens Institute
1%

You're not logged in!

Compare scores with friends on all Sporcle quizzes.
Sign Up with Email
OR
Log In

You Might Also Like...

Show Comments

Extras

Top Quizzes Today


Score Distribution

Your Account Isn't Verified!

In order to create a playlist on Sporcle, you need to verify the email address you used during registration. Go to your Sporcle Settings to finish the process.

Report this User

Report this user for behavior that violates our Community Guidelines.

Details: